Report of the Joint Committee on the National Library Bill, 1972 (Record no. 489556)

000 -LEADER
fixed length control field 00527cam a22001457a 4500
008 - FIXED-LENGTH DATA ELEMENTS--GENERAL INFORMATION
fixed length control field 180718b1974 xxu||||| |||| 00| 0 eng d
082 ## - DEWEY DECIMAL CLASSIFICATION NUMBER
Classification number P9x54 In2
100 ## - MAIN ENTRY--PERSONAL NAME
Personal name India. Joint Committee on the National Library Bill
245 ## - TITLE STATEMENT
Title Report of the Joint Committee on the National Library Bill, 1972
Statement of responsibility, etc. by Lok Sabha Secretariat
260 ## - PUBLICATION, DISTRIBUTION, ETC.
Place of publication, distribution, etc. New Delhi
Name of publisher, distributor, etc. Lok Sabha Secretariat
Date of publication, distribution, etc. 1974
300 ## - PHYSICAL DESCRIPTION
Extent 90p.
500 ## - GENERAL NOTE
General note Chairman: Amarnath Vidyalankar
700 ## - ADDED ENTRY--PERSONAL NAME
Personal name India. Lok Sabha Secretariat
700 ## - ADDED ENTRY--PERSONAL NAME
Personal name Vidyalankar, Amarnath (Chairman)
Holdings
Withdrawn status Lost status Damaged status Not for loan Permanent Location Current Location Date acquired Full call number Barcode Date last seen Price effective from Koha item type
        Indian Institute of Public Administration Indian Institute of Public Administration 2018-08-04 P9x54 In2 GG14535 2018-08-04 2018-08-04 GG

Powered by Koha